Normal view
MARC view
Entry Meeting Name
001 - CONTROL NUMBER
- control field: 29405
003 - CONTROL NUMBER IDENTIFIER
- control field: OSt
005 - DATE AND TIME OF LATEST TRANSACTION
- control field: 20211105135251.0
008 - FIXED-LENGTH DATA ELEMENTS
- fixed length control field: 211105|| aca||aabn | a|a d
040 ## - CATALOGING SOURCE
- Original cataloging agency: OSt
- Transcribing agency: OSt
111 ## - HEADING--MEETING NAME
- Meeting name or jurisdiction name as entry element: Conference on Equation-of-State and Phase-Transition Issues in Models of Ordinary Astrophysical Matter
- Location of meeting: The Netherlands
- Date of meeting or treaty signing: 2004 June 2 -11
670 ## - SOURCE DATA FOUND
- Source citation: Work cat.: (OSt): Conference on Equation-of-State and Phase-Transition Issues in Models of Ordinary Astrophysical Matter The Netherlands 2004 June 2 -11, Equation-of-state and phase-transition issues in models of ordinary astrophysical matter, 2004